Countries without tri-point borders - Statistics

General Stats
  • This quiz has been taken 48 times
    33 since last reset
  • The average score is 57 of 63
Answer Stats
Answer % Correct
Canada
97%
Denmark
97%
Dominica
97%
Dominican Republic
97%
Haiti
97%
Iceland
97%
Ireland
97%
New Zealand
97%
United Kingdom
97%
Antigua and Barbuda
93%
Australia
93%
Bahrain
93%
Barbados
93%
Costa Rica
93%
Panama
93%
Papua New Guinea
93%
Saint Kitts and Nevis
93%
Saint Lucia
93%
Saint Vincent
93%
Solomon Islands
93%
South Korea
93%
Sri Lanka
93%
United States
93%
Vanuatu
93%
Bahamas
90%
Cuba
90%
Fiji
90%
Jamaica
90%
Lesotho
90%
Marshall Islands
90%
Micronesia
90%
Nauru
90%
Palau
90%
Portugal
90%
Qatar
90%
Samoa
90%
San Marino
90%
Sao Tome
90%
Seychelles
90%
Tonga
90%
Tuvalu
90%
Brunei
87%
Cape Verde
87%
Comoros
87%
Cyprus
87%
Grenada
87%
Japan
87%
Kiribati
87%
Madagascar
87%
Malta
87%
Mauritius
87%
Philippines
87%
Taiwan
87%
Timor-Leste
87%
Vatican City
87%
Gambia
83%
Indonesia
83%
Maldives
83%
Singapore
83%
Monaco
80%
Trinidad and Tobago
80%
Nicaragua
77%
Malaysia
73%
No matching quizzes found
Score Distribution
Percent of People with Each Score
Percentile by Number Answered
Your Score History
You have not taken this quiz since the last reset